| 000 | 00438nam a2200157Ia 4500 | ||
|---|---|---|---|
| 003 | GCL | ||
| 008 | 140319s9999 xx 000 0 ara d | ||
| 040 |
_aGCL / _cGCL |
||
| 082 | 0 | 4 |
_aط _b813.01 _bع ص |
| 100 | 1 | _aعادل الغضبان | |
| 245 | 1 | 0 |
_aالصياد الماهر / _cعادل الغضبان |
| 650 | 0 | 4 | _aالقصص القصيرة |
| 650 | 0 | 4 | _aقصص الاطفال |
| 650 | 0 | 4 | _aادب الاطفال |
| 942 |
_2ddc _cBK |
||
| 999 |
_c50860 _d50860 |
||